| 000 | 003120000a22000970004500 | ||
|---|---|---|---|
| 100 | 1 | _aLaato, Antti | |
| 245 | 1 | 0 | _aAssyriam propaganda and the falsification of history in the royal inscriptions of Sennacherib |
| 300 | _aVol. 45, Num. 2 (Abril, 1995), Páginas 198-226 | ||
| 773 | 0 | _tVetus Testamentum | |
| 942 | _cANA | ||
| 999 |
_c57991 _d57991 |
||